|
|
|
|
| LEADER |
00000nbm0a2200000 4500 |
| 001 |
282087 |
| 005 |
20231101235450.0 |
| 035 |
|
|
|a (RuTPU)RU\TPU\book\305960
|
| 090 |
|
|
|a 282087
|
| 100 |
|
|
|a 20150128j20141224k y0rusy50 ca
|
| 101 |
0 |
|
|a rus
|
| 102 |
|
|
|a RU
|
| 105 |
|
|
|a a m 001zy
|
| 200 |
1 |
|
|a Моделирование физико-химических процессов при использовании наноразмерных порошков металлов в высокоэнергетических материалах
|e диссертация на соискание ученой степени кандидата физико-математических наук
|e Спец. 01.04.17
|f М. В. Комарова
|g Российская академия наук (РАН), Сибирское отделение (СО), Институт проблем химико-энергетических технологий ; Национальный исследовательский Томский государственный университет (ТГУ) ; науч. рук. А. Б. Ворожцов
|
| 210 |
|
|
|a Томск
|a Бийск
|c [Б. и.]
|d 2014
|
| 215 |
|
|
|a 127 л.
|c ил.
|
| 300 |
|
|
|a Зищищена 24.12.2014 г.
|
| 320 |
|
|
|a Библиогр.: с. 108-125 (167 назв.).
|
| 606 |
1 |
|
|a Нанопорошки
|x Получение
|2 stltpush
|3 (RuTPU)RU\TPU\subj\72901
|9 86256
|
| 610 |
1 |
|
|a высокоэнергетические материалы
|
| 610 |
1 |
|
|a наноразмерные порошки
|
| 610 |
1 |
|
|a металлы
|
| 610 |
1 |
|
|a физико-химические свойства
|
| 610 |
1 |
|
|a нанометаллы
|
| 610 |
1 |
|
|a защитные покрытия
|
| 610 |
1 |
|
|a наноалюминий
|
| 610 |
1 |
|
|a горение
|
| 610 |
1 |
|
|a термогравиметрия
|
| 610 |
1 |
|
|a термический анализ
|
| 610 |
1 |
|
|a окисление
|
| 610 |
1 |
|
|a химическая совместимость
|
| 610 |
1 |
|
|a агломераты
|
| 610 |
1 |
|
|a электрохимические взаимодействия
|
| 610 |
1 |
|
|a интерметаллиды
|
| 610 |
1 |
|
|a диссертации
|
| 675 |
|
|
|a 621.762.2(04)
|v 3
|
| 686 |
|
|
|a 01.04.17
|2 oksvnk
|
| 700 |
|
1 |
|a Комарова
|b М. В.
|g Марина Витальевна
|
| 702 |
|
1 |
|a Ворожцов
|b А. Б.
|g Александр Борисович
|4 727
|
| 712 |
0 |
2 |
|a Российская академия наук (РАН)
|b Сибирское отделение (СО)
|b Институт проблем химико-энергетических технологий
|2 stltpush
|3 (RuTPU)RU\TPU\col\7961
|
| 712 |
0 |
2 |
|a Национальный исследовательский Томский государственный университет (ТГУ)
|c (2009- )
|2 stltpush
|3 (RuTPU)RU\TPU\col\17230
|
| 801 |
|
1 |
|a RU
|b 63413507
|c 20150128
|
| 801 |
|
2 |
|a RU
|b 63413507
|c 20150213
|g RCR
|
| 942 |
|
|
|c BK
|